00428nas a22001337a 4500008004100000022001400041245003100055260005200086300000900138310001200147546001400159650002100173856010000194130312t20119999ag ||||| |||| 00| 0 spa d a0032-745X aLa Prensa Medica Argentina aBuenos Aires:bEdiciones Medcias del Sur,c2011 av. : amensual aespañol aMEDICINA INTERNA uhttp://www.prensamedica.com.ar/zSolo permite ver los indices, no el free full text, click AQUI